000 00689nam a2200205Ii 4500
003 JO-AjNU
008 230605s9999||||xx |||||||||||||| ||und||
017 _a1969/4865
040 _aJO-AjNU
_bara
_erda
_cJO-AjNU
041 _aara
050 1 4 _aPJ6121.I2 1969
100 3 _aتاليف ابراهيم،عبد العليم,
_eauthor
_923334
245 0 0 _aتيسير العلال والابدال
264 3 1 _aالقاهرة: دار غريب للطباعة والنشر والتوزيع،1969
300 _a177ص
336 _atext
_btxt
_2rdacontent
337 _aunmediated
_bn
_2rdamedia
338 _avolume
_bnc
_2rdacarrier
650 4 _aاللغة العربية-الصرف
_923335
999 _aA8426
_c11994
_d11994